=LDR 00000nam 2200000 4500 =001 INLIS000000000022576 =005 20130612121324 =008 ***********************************Ind** =035 ##$$0010-061300000022576 =041 ##$$a Ind =082 ##$$a 811 =090 ##$$a 811, Ray-d =100 ##$$a Rayes, Dinullah =245 ##$$a Damai dalam badai, Dinullah Rayes =260 ##$$a 2005 $b Mataram =300 ##$$a vii, 70 hlm., 21 cm =650 ##$$a Puisi-Indonesia =850 ##$$a NBPNMAT =990 ##$$a 24592459 =990 ##$$a 20800663 =990 ##$$a 28902890 =990 ##$$a 20800664 =990 ##$$a 20800663